| 000 | 01895cam a2200301zu 4500 | ||
|---|---|---|---|
| 001 | 88921569 | ||
| 003 | FRCYB88921569 | ||
| 005 | 20251020123414.0 | ||
| 006 | m o d | ||
| 007 | cr un | ||
| 008 | 251020s2020 fr | o|||||0|0|||fre d | ||
| 020 | _a9782200628086 | ||
| 035 | _aFRCYB88921569 | ||
| 040 |
_aFR-PaCSA _bfr _c _erda |
||
| 100 | 1 | _aLasserre, Frédéric | |
| 245 | 0 | 1 |
_aManuel de géopolitique _bEnjeux de pouvoir sur des territoires _c['Lasserre, Frédéric', 'Gonon, Emmanuel', 'Mottet, Eric'] |
| 264 | 1 |
_bArmand Colin _c2020 |
|
| 300 | _a p. | ||
| 336 |
_btxt _2rdacontent |
||
| 337 |
_bc _2rdamdedia |
||
| 338 |
_bc _2rdacarrier |
||
| 650 | 0 | _a | |
| 700 | 0 | _aLasserre, Frédéric | |
| 700 | 0 | _aGonon, Emmanuel | |
| 700 | 0 | _aMottet, Eric | |
| 856 | 4 | 0 |
_2Cyberlibris _uhttps://international.scholarvox.com/netsen/book/88921569 _qtext/html _a |
| 520 | _aSi le terme de géopolitique est très à la mode dans les médias et débats actuels, il est souvent utilisé de manière simplificatrice pour désigner des situations internationales ou militaires complexes.La géopolitique est pourtant une véritable discipline, désormais pleinement enseignée, qui étudie les rivalités et les enjeux de pouvoir sur des territoires entre des acteurs aux intérêts divergents.Cette nouvelle édition dresse un panorama de l'ensemble des concepts, méthodes et outils propres à l'analyse géopolitique, et met en perspective les théories des différentes écoles fondatrices.À travers de nombreuses études de cas (projet chinois des Nouvelles Routes de la soie, rivalités sino-américaines, question des frontières en Afrique et en Asie, géopolitique des ressources naturelles…), cet ouvrage vient illustrer la pertinence et la fécondité de l'approche géopolitique pour appréhender la grande diversité des problématiques actuelles. | ||
| 999 |
_c1554093 _d1554093 |
||